Detalles MARC
| 000 -LIDER |
| fixed length control field |
02482cam a2200457 4500 |
| 001 - NÚMERO DE CONTROL |
| Identificador de número de control |
2130 |
| 003 - IDENTIFICACDOR DE NÚMERO DE CONTROL |
| control field |
DO-SdBNP |
| 005 - DATE AND TIME OF LATEST TRANSACTION |
| control field |
20221110093742.0 |
| 007 - CAMPOS FIJOS DE DESCRIPCIÓN FÍSICA |
| fixed length control field |
2130 |
| 008 - ELEMENTOS DE LONGITUD FIJA |
| fixed length control field |
100215s2010 sp |||| 001 0 spa |
| 015 ## - NÚMERO DENTRO DE LA BIBLIOGRAFÍA NACIONAL |
| National bibliography number |
|
| 017 ## - NÚMERO DE REGISTRO DE DERECHOS DE AUTOR |
| Copyright or legal deposit number |
|
| Assigning agency |
|
| 020 ## - ISBN |
| International Standard Book Number |
9788430606863 |
| 035 ## - NÚMERO LOCAL |
| System control number |
|
| 040 ## - FUENTE DE CATALOGACIÓN |
| Agencia que crea de manera original el registro |
BPMSU |
| Idioma de catalogación |
spa |
| Agencia que realiza la transcripción |
BPMSU |
| Convenciones de la despripción |
|
| 080 ## - NÚMERO DE CLASIFICACIÓN DECIMAL UNIVERSAL |
| Universal Decimal Classification number |
|
| 082 ## - NÚMERO DE CLASIFICACIÓN DECIMAL DE DEWEY |
| Classification number |
323.42 |
| Item number |
S474i 2010 |
| Edition number |
22 |
| 092 ## - LOCALLY ASSIGNED DEWEY DECIMAL CALL NUMBER |
| Número de edición |
|
| 100 1# - ASIENTO PRINCIPAL -- NOMBRE PERSONAL |
| Nombre personal |
Sen, Amartya |
| Fechas asociadas con el nombre |
1933- |
| 240 14 - TITULO UNIFORME |
| Título uniforme |
The idea of justice / |
| Idioma de una obra |
Español |
| 245 13 - MENCIÓN DE TITULO |
| Título |
La idea de la justicia / |
| Mención de responsabilidad |
Amartya Sen ; traducción de Hernando Valencia Villa |
| Medio (Designación general de material) |
|
| 260 ## - PUBLICACIÓN, DISTRIBUCIÓN, ETC. (PIE DE IMPRENTA) |
| Lugar de publicación, distribución, etc |
Madrid : |
| Nombre del editor, distribuidor, etc. |
Taurus, |
| Fecha de publicación, distribución, etc |
2010. |
| Nombre del editor, distribuidor, etc. |
|
| 300 ## - DESCRIPCIÓN FÍSICA |
| Extensión |
499 p. ; |
| Dimensiones |
24 cm |
| 490 0# - MENCIÓN DE SERIES |
| Mención de serie |
Pensamiento |
| 500 ## - NOTA GENERAL |
| Nota general |
|
| 504 ## - NOTA DE BIBLIOGRAFÍA, ETC. |
| Bibliography, etc |
Incluye bibliográfia e índice. |
| 520 ## - RESUMEN, ETC. |
| Nota de resumen, etc. |
¿Es la justicia social un ideal fuera del alcance o una posibilidad real? Más allá del discurso intelectual, la idea de la justicia desempeña un importante papel en la vida. El autor ofrece una alternativa a las teorías convencionales de la justicia, que a pesar de sus muchos logros hace tiempo que dejaron atrás las realidades prácticas. Desde la Ilustración, las teorías dominantes han tendido a ocuparse de identificar las disposiciones sociales perfectamente justas y definir la naturaleza de la sociedad perfecta. El autor, entregado a la reducción de la injusticia, centra su enfoque en los juicios comparativos de IQ que es más o menos justo y en evaluar los méritos de ciertas instituciones e interacciones sociales. En el núcleo de su reflexión subyace el respeto por las diferentes percepciones de la sociedad justa. Muy distintas convicciones pueden ofrecer soluciones claras, directas y defendibles. La perspectiva del autor, uno de los pensadores más influyentes de esta era, hace uso de esa pluralidad con el fin de construir una teoría de la justicia para el mundo moderno, capaz de absorber distintos puntos de vista y resolver las cuestiones de injusticia global. |
| 534 ## - NOTA SOBRE LA VERSIÓN ORIGINAL |
| Asiento principal del original |
Título original : |
| Mención del título original |
The idea of justice. |
| 590 ## - NOTA LOCAL |
| Enlace |
Inventariado, 2022/VM |
| 600 14 - ENCABEZAMIENTO DE MATERIA--NOMBRE PERSONAL |
| Nombre personal |
Rawls, John, |
| Fechas asociadas con el nombre |
1921-2002 |
| Subdivisión temática general |
Crítica e interpretación |
| 650 #4 - ENCABEZAMIENTO DE MATERIA--TEMÁTICO |
| Término temático o nombre geográfico como elemento de entrada |
Derechos civiles. |
| 650 #4 - ENCABEZAMIENTO DE MATERIA--TEMÁTICO |
| Término temático o nombre geográfico como elemento de entrada |
Justicia social. |
| Fuente del encabezamiento o término |
|
| 650 #4 - ENCABEZAMIENTO DE MATERIA--TEMÁTICO |
| Término temático o nombre geográfico como elemento de entrada |
Igualdad. |
| 650 #4 - ENCABEZAMIENTO DE MATERIA--TEMÁTICO |
| Término temático o nombre geográfico como elemento de entrada |
Reconocimiento (Filosofía) |
| 650 #4 - ENCABEZAMIENTO DE MATERIA--TEMÁTICO |
| Término temático o nombre geográfico como elemento de entrada |
Filosofía de la libertad. |
| 650 #4 - ENCABEZAMIENTO DE MATERIA--TEMÁTICO |
| Término temático o nombre geográfico como elemento de entrada |
Ética |
| 700 ## - ASIENTO SECUNDARIO -- NOMBRE PERSONAL |
| Nombre personal |
Valencia Villa, Hernando, |
| Fechas asociadas con el nombre |
1949-, |
| Mención de responsabilidad |
tr. |
| 830 ## - ASIENTO SECUNDARIO DE SERIE--TÍTULO UNIFORME |
| Título uniforme |
Pensamiento |
| 910 ## - VALIDACIÓN |
| Validación |
VMateo V. /Validado |
| 942 ## - ADDED ENTRY ELEMENTS (KOHA) |
| Source of classification or shelving scheme |
Dewey Decimal Classification |
| Koha item type |
Libros |